00422nam a2200145Ia 4500008004100000020001800041041000800059082002000067100001400087245012000101260001700221300000800238365001600246700001400262230718s9999 xx 000 0 und d a9789322008307 aeng a355.331092bSHA aShah Z.U. aThe Sarkari Mussalman - The Life And Travails Of A Soldier EducationistbThe Memoirs Of Lt. Gen. Zameer Uddin Shah  c2019bKonark a202 cRs.b695.00 aShah Z.U.